Самуил (Запис номер 348587)
[ съкратено ]
| 000 -Лидер | |
|---|---|
| Контролно поле с фиксирана дължина | 01225nam a2200289 4500 |
| 003 - Код на организацията, давaща контролен номер | |
| Контролно поле | BLK |
| 005 - Дата и час на последна редакция | |
| Контролно поле | 20250201141244.0 |
| 008 - Елементи от данни с фиксирана дължина | |
| fixed length control field | 190125b bu ||||| |||| 00| 0 bu d |
| 020 ## - Международен стандартен номер на книга ISBN | |
| Международен стандартен номер на книга ISBN | 9786197496239 |
| 040 ## - Източник на каталожния запис | |
| Идентификатор на билиотеката - собственик на записа | BLK |
| 041 ## - Код за език | |
| Код за езика на текст/звукозапис или на отделно заглавие | Български |
| Код за езика КДБФ | Български |
| 080 ## - УДК | |
| Текстов определител УДК | Българска литература |
| УДК код - определител по УДК | 821.163.2 |
| УДК - код + определител | 821.163.2-93-94 |
| УДК определител | -93-94 |
| 100 ## - Редна дума - Автор | |
| R(LIN) | 389356 |
| Автор | Колев, Ивомир Петров |
| Авторска отговорност | авт. |
| 139 ## - Редно поле | |
| Редна дума | Колев, Ивомир Петров |
| Авторски знак | Колев - К 78 |
| 245 ## - Сведения за заглавието | |
| Заглавие | Самуил |
| Редно поле (дума) | Ивомир Колев ; ил. Александра Младенова, Николета Карайончева |
| 260 ## - Област на издателските данни | |
| 9 (RLIN) | 391895 |
| Място на издаване, разпространение и проч. | София |
| Име на издателя, разпространителя и проч. | Българска история |
| Година на издаване | 2019 |
| Печатница | ([София] : Дедракс) |
| 300 ## - Физическа характеристика | |
| Страници | 72 с. |
| Размери/Мащаб | 22 х 21 см |
| Илюстрации и др. | с цв. ил. |
| 380 ## - Жанр | |
| Жанр | Детска худож. лит. |
| 490 ## - СЕРИИ (Колекции) | |
| 9 (RLIN) | 460734 |
| Име на серия | Исторически приказки |
| №: серия | 1 |
| ISSN | C634-7150 |
| 500 ## - Общи забележки | |
| Забележка | Бълг. история - търг. марка на изд. БИ 93<br/> |
| 700 ## - Други автори (авторска отговорност) | |
| 9 (RLIN) | 599 |
| Лично име | Младенова, Александра Мирослав |
| Автороска отговорност (Описва отношението между автора и произведението) | ил. |
| 700 ## - Други автори (авторска отговорност) | |
| 9 (RLIN) | 599 |
| Лично име | Карайончева, Николета |
| Автороска отговорност (Описва отношението между автора и произведението) | ил. |
| 852 ## - Местоположение | |
| Фондова буква | Хранилище |
| Форматна сигнатура | Цб |
| 856 ## - Електронен адрес и достъп | |
| Инструкция (цена за достъп) | 0.00 |
| Права за достъп | disable |
| 999 ## - СИСТЕМНИ КОНТРОЛНИ НОМЕРА | |
| Koha biblionumber | 348587 |
| Koha biblioitemnumber | 348587 |
| 942 ## - АРТИКУЛИ | |
| Скрит в OPAC | Не |
| Вид на библиотечния материал | Книги |
| Koha issues (borrowed), all copies | 10 |
| Периодичен библиозапис | Да |
| 944 ## - СЪЗДАВАНЕ И РЕДАКЦИЯ на ЗАПИСА | |
| Създаване/Редакция | Създаване |
| Дата на регистрацията/редакция | 2020-02-20 |
| Служител, извършил регистрацията/редакцията | 30552 |
| Статус, дата на статуса | Виолета Тройчева |
| Код за отписване | Код за изгубен артикул | Източник на класификационната схема | Код за повреда | Коз за рестрикции | Код за отдаване | Артикулен № | Име на библиотеката - собственик | Име на библиотеката, в която се намира в момента | Статус (Текущо местоположение) | Дата на вписване в системата | Местоположение - отдел | Цена в лева | Систематично азбучна сигнатура | Баркод | Цена в евро | Служебен тип на артикула |
|---|---|---|---|---|---|---|---|---|---|---|---|---|---|---|---|---|
| Не е изгубен | Universal Decimal Classification | Не е повреден | само за читалня | ползва се в читалня | 755799 | Регионална библиотека "Любен Каравелов" Русе | Регионална библиотека "Любен Каравелов" Русе | Хранилище | 2020-02-25 | Хранилище | 13.90 | Цб 298344 | 120000842764 | 7.11 | Книги | |
| Не е изгубен | Universal Decimal Classification | Не е повреден | без рестрикции | заемане за дома | 922930 | Регионална библиотека "Любен Каравелов" Русе | Регионална библиотека "Любен Каравелов" Русе | Детски отдел | 2023-02-03 | Детски отдел | 11.18 | 821.163.2-93/К 78 И | 120000882286 | 5.72 | Книги |